000 00598nam a2200229Ia 4500
003 OSt
005 20221007080710.0
006 a|||||r|||| 00| 0
007 ta
008 221006b |||||||| |||| 00| 0 eng d
024 _a16,758
037 _cTextual
040 _aFLL
_cFLL
_beng
041 _2eng
_aeng
082 _aY1:4955:273, K9
100 _aMitchell Roger S.
_9695277
245 0 _aHomosexual & the law
260 _aNew York
_bArco USA
_c1969
300 _a96p
_ccm.
942 _hY1:4955:273, K9
_cTEXL
_2CC
999 _c1160581
_d1160581